Stemmi Squadre di calcio dal dettaglio - Italia - Quiz n°9 - Statistics

Statistiche generali
  • Questo quiz è stato fatto 16 volte
  • Il punteggio medio è 7 su 9
Statistiche sulle risposte
con Immagini Risposta % Corretto
Hellas Verona
93%
Lazio
93%
Pisa
93%
Avellino
87%
Foggia
87%
Carpi
80%
Reggiana
80%
Barletta
33%
L'Aquila
7%
Nessun quiz corrispondente trovato
Distribuzione punteggi
Percentuale di utenti per punteggio
Percentile per numero di risposta
I tuoi punteggi nel tempo
Non hai fatto questo quiz